Apuntes para la historia de la caricatura / (Record no. 162060)
[ view plain ]
| 000 -LEADER | |
|---|---|
| campo de control de longitud fija | 00711nam a2200181 i 4500 |
| 001 - NÚMERO DE CONTROL | |
| campo de control | 162060 |
| 003 - IDENTIFICADOR DE NÚMERO DE CONTROL | |
| campo de control | ES-MaACL |
| 005 - FECHA Y HORA DE LA ÚLTIMA TRANSACCIÓN | |
| campo de control | 20230906212423.0 |
| 008 - DATOS DE LONGITUD FIJA--INFORMACIÓN GENERAL | |
| campo de control de longitud fija | 990325s1877 sp |||| | spa d |
| 080 ## - NÚMERO DE LA CLASIFICACIÓN DECIMAL UNIVERSAL | |
| Número de la Clasificación Decimal Universal | 741.5(091) |
| 100 1# - ENTRADA PRINCIPAL--NOMBRE DE PERSONA | |
| Nombre de persona | Picón, Jacinto Octavio, |
| Fechas asociadas al nombre | 1852-1923 |
| 9 (RLIN) | 91875 |
| 245 10 - MENCIÓN DEL TÍTULO | |
| Título | Apuntes para la historia de la caricatura / |
| Mención de responsabilidad, etc. | por Jacinto Octavio Picón. |
| 260 ## - PUBLICACIÓN, DISTRIBUCIÓN, ETC. | |
| Lugar de publicación, distribución, etc. | Madrid : |
| Nombre del editor, distribuidor, etc. | [s.n.], |
| Fecha de publicación, distribución, etc. | 1877 ( |
| Fabricante | Establ. Tipográfico J. C. Conde y Cía.) |
| 300 ## - DESCRIPCIÓN FÍSICA | |
| Extensión | 136 p. ; |
| Dimensiones | 25 cm. |
| 650 #4 - PUNTO DE ACCESO ADICIONAL DE MATERIA--TÉRMINO DE MATERIA | |
| Término de materia o nombre geográfico como elemento de entrada | Caricatura- |
| Subdivisión de forma | Historia. |
| 9 (RLIN) | 148758 |
| 852 ## - LOCALIZACIÓN | |
| Ubicación | ES-MaACL |
| Número de control de estantería | T-316-F-1 |
| Nota libre | .- Enc. hol. |
| -- | . - Dedicatoria autógrafa del autor |
| condición física | . - Falto de la cub. original |
| Nota libre | . - Enc. en un vol. facticio |
| Estatus retirado | Estado de pérdida | Fuente del sistema de clasificación o colocación | Estado de daño | No para préstamo | Colección | Biblioteca de origen | Biblioteca actual | Ubicación en estantería | Fecha de adquisición | Total de préstamos | Signatura topográfica completa | Código de barras | Visto por última vez | Precio de reemplazo | Tipo de ítem Koha | Nota pública |
|---|---|---|---|---|---|---|---|---|---|---|---|---|---|---|---|---|
| Clasificación decimal universal | Colección de folletos | Biblioteca del Ateneo de Madrid | Biblioteca del Ateneo de Madrid | Depósito folletos | 17/01/2008 | T-316-F-1 | 1169769 | 23/02/2023 | 23/02/2023 | Folleto | Dedicatoria autógrafa del autor |
